Lịch sử cuộc vận động vì các quyền dân sinh, dân chủ ở Việt Nam (1936 - 1939)

Khảo cứu về tất cả các cuộc vận động vì quyền dân sinh, dân chủ trong thời kì 1936 - 1939. Qua đó nghiên cứu quá trình hình thành, nội dung chiến lược và sách lược của Đảng đối với cuộc vận động này...

Full description

Saved in:
Bibliographic Details
Main Author: Phạm, Hồng Tung
Format: Book
Language:Undetermined
Published: Hà Nội Chính trị Quốc gia 2008
Subjects:
Tags: Add Tag
No Tags, Be the first to tag this record!
Institutions: Trung tâm Học liệu Trường Đại học Cần Thơ
LEADER 01059nam a2200217Ia 4500
001 CTU_148281
008 210402s9999 xx 000 0 und d
020 |c 30000 
082 |a 959.7032 
082 |b T513 
100 |a Phạm, Hồng Tung 
245 0 |a Lịch sử cuộc vận động vì các quyền dân sinh, dân chủ ở Việt Nam (1936 - 1939) 
245 0 |c Phạm Hồng Tung 
260 |a Hà Nội 
260 |b Chính trị Quốc gia 
260 |c 2008 
520 |a Khảo cứu về tất cả các cuộc vận động vì quyền dân sinh, dân chủ trong thời kì 1936 - 1939. Qua đó nghiên cứu quá trình hình thành, nội dung chiến lược và sách lược của Đảng đối với cuộc vận động này 
650 |a Vietnam,Communism,Chủ nghĩa cộng sản,Việt Nam 
650 |x History,History,Lịch sử,Lịch sử 
904 |i Trọng Hiếu 
980 |a Trung tâm Học liệu Trường Đại học Cần Thơ